Transformácia systému sociálneho zabezpečenia. 3
Pokračovanie rozhovoru s JUDr. P.Rusiňákom o systéme sociálneho poistenia, ktorý nahradí súčasnú sústavu nemocenského a dôchodkového zabezpečenia. Systém sociálneho poistenia ako nový prvok v celej sústave sociálneho zabezpečenia. Obsah a rozsah sociálneho poistenia. Osem základných systémov, ktoré...
Salvato in:
| Autore principale: | |
|---|---|
| Natura: | Capitolo di libro |
| Lingua: | slovacco |
| Soggetti: | |
| Tags: |
Nessun Tag, puoi essere il primo ad aggiungerne!!
|
MARC
| LEADER | 00000naa a2200000 4500 | ||
|---|---|---|---|
| 001 | r018393 | ||
| 005 | 20221213100247.0 | ||
| 041 | 0 | |a slo | |
| 044 | |a SK | ||
| 245 | 1 | 0 | |a Transformácia systému sociálneho zabezpečenia. 3 |c Peter Rusiňák |
| 520 | |a Pokračovanie rozhovoru s JUDr. P.Rusiňákom o systéme sociálneho poistenia, ktorý nahradí súčasnú sústavu nemocenského a dôchodkového zabezpečenia. Systém sociálneho poistenia ako nový prvok v celej sústave sociálneho zabezpečenia. Obsah a rozsah sociálneho poistenia. Osem základných systémov, ktoré zahŕňa systém sociálneho poistenia podľa medzinárodnej klasifikácie. | ||
| 610 | 2 | 0 | |a zabezpečenie sociálne |
| 610 | 2 | 0 | |a transformácia |
| 610 | 2 | 0 | |a reformy sociálne |
| 610 | 2 | 0 | |a poistenie sociálne |
| 610 | 2 | 0 | |a Slovensko |
| 100 | 1 | |a Rusiňák, Peter | |